Un lugar para los libros: reflexiones del Encuentro Nacional sobre Cultura Escrita y Prácticas Lectoras

Saved in:
Bibliografiske detaljer
Main Authors: Moya Cañas, Cristóbal (autor), Fuentes Reyes, Lorena (Author)
Format: Bog
Sprog:spansk
Udgivet: Santiago Lom 2016
Udgivelse:1a. ed
Serier:Ciencias Sociales y Humanas
Fag:
Tags: Tilføj Tag
Ingen Tags, Vær først til at tagge denne postø!

MARC

LEADER 00000cam a2200000 a 4500
001 UCD5015
003 CL-VaPUC
008 160807e20160000cl |||||||||||||||||spa|d
020 |a 9789560007704 
082 0 4 |a 028.983  |b MOY  |2 21 
100 |a Moya Cañas, Cristóbal  |e autor  |9 588743 
700 0 |a Fuentes Reyes, Lorena  |e author  |9 588744 
245 1 3 |a Un lugar para los libros: reflexiones del Encuentro Nacional sobre Cultura Escrita y Prácticas Lectoras 
250 |a 1a. ed 
300 |a 164 p 
942 |c BK 
945 |d 20160807 22:49:00  |a dcastane 
260 |a Santiago  |b Lom  |c 2016 
650 0 |a Libros  |9 334511 
650 0 |a Lectura  |9 307634 
650 0 |a Política gubernamental  |9 262286 
583 |a last modification  |c 20160807 22:49:00  |k Rodrigo Vera 
490 0 |a Ciencias Sociales y Humanas 
999 |c 365787  |d 365785 
952 |0 0  |1 0  |3 erb  |4 0  |6 028_983000000000000_MOY_2016  |7 0  |8 A  |9 479742  |a BIBCUR  |b BIBCUR  |i 5335051  |o 028.983 MOY 2016  |p 5335051  |r 2025-04-22  |w 2019-11-24  |y BK  |z Catalogado en:20160807  |k MGC